Estatísticas para Cite os 20 países vinícolas mais importantes do mundo - Vinho Quiz 1

Clique aqui para jogar o quiz

Estatísticas Gerais

  • Esse quiz foi jogado 45 vezes
  • A pontuação média é 14 de 20

Estatísticas das Respostas

TipResposta% Correto
Argentina
95%
FFrança
95%
Alemanha
92%
I
Itália
92%
PPortugal
92%
Espanha
86%
CChile
86%
AAustrália
78%
EEstados Unidos
76%
SSuíça
76%
GGrécia
70%
Áustria
68%
México
68%
China
59%
África do Sul
54%
HHungria
54%
RRomênia
54%
NNova Zelândia
41%
MMarrocos
30%
BBulgarije
0%

Distribuição das Pontuações

Percentil de Números Respondidos

Porcentagem de Pessoas com Cada Pontuação

Sua Pontuação Histórica

Você não jogou esse quiz